书目信息 |
| 题名: |
细胞美容学
|
|
| 作者: | 韦建学 | |
| 分册: | ||
| 出版信息: | 西安 陕西科学技术出版社 2014.60 |
|
| 页数: | 155 | |
| 开本: | 23cm | |
| 丛书名: | ||
| 单 册: | ||
| 中图分类: | R62 | |
| 科图分类: | ||
| 主题词: | 整形外科学 | |
| 电子资源: | ||
| ISBN: | 7-5369-6076-3 | |
| 000 | 00518nam0 2200181 450 | |
| 001 | 1735965424 | |
| 005 | 20170410095925.42 | |
| 010 | @a7-5369-6076-3 | |
| 100 | @a20170410d km y0chiy0120 ea | |
| 101 | 0 | @achi |
| 200 | 1 | @a细胞美容学@Axi bao mei rong xue@f韦建学@Fwei jian xue |
| 210 | @a西安@c陕西科学技术出版社@d2014.60 | |
| 215 | @a155@c彩图@d23cm | |
| 606 | 0 | @a整形外科学 |
| 690 | @aR62@v4 | |
| 701 | 0 | @a韦建学@Awei jian xue |
| 801 | 0 | @aCN@b大连网信软件有限公司图书馆·11@c20170410 |
| 905 | @b6604838@dR62@en2@f1 | |
| 细胞美容学/韦建学.-西安:陕西科学技术出版社,2014.60 |
| 155:彩图;23cm |
| ISBN 7-5369-6076-3: |
| ● |
| 相关链接 |
|
|
|
|
正题名:细胞美容学
索取号:R62/n2
 
预约/预借
| 序号 | 登录号 | 条形码 | 馆藏地/架位号 | 状态 | 备注 |
| 1 | 6604838 | 266048387 | 密集书库-生命科学系/ [索取号:R62/n2] | 在馆 |